[Event "Minsk op"]
[Site "Minsk"]
[Date "2023.11.05"]
[Round "3"]
[White "Gasparian, Siarhei"]
[Black "Mukhin, Pavel"]
[Result "1/2-1/2"]
[WhiteElo "1462"]
[BlackElo "2014"]
[PlyCount "121"]
[EventDate "2023.11.03"]
[EventType "swiss"]
[EventRounds "9"]
[EventCountry "BLR"]
[SourceTitle "CB46_2023"]
[SourceDate "2023.11.15"]
[SourceVersion "1"]
[SourceVersionDate "2023.11.15"]
[SourceQuality "1"]

1. d4 c6 2. Nf3 d5 3. g3 Bf5 4. Bg2 e6 5. 0-0 Nf6 6. c4 Nbd7 7. Nc3 h6 8. Nd2 Be7 9. e4 dxe4 10. Ndxe4 Nxe4 11. Nxe4 0-0 12. Qe2 Nf6 13. Rd1 Nxe4 14. Bxe4 Bxe4 15. Qxe4 Qc7 16. Bf4 Bd6 17. Be3 Rfe8 18. Rac1 Rad8 19. Kg2 Be7 20. b3 Bf6 21. h4 Rd7 22. Rc2 Red8 23. Rcd2 Qa5 24. Qf3 Be7 25. Qg4 h5 26. Qe4 g6 27. a4 a6 28. Rd3 Bf6 29. Qf3 Qf5 30. Qxf5 gxf5 31. f4 Be7 32. Kf3 Bb4 33. Ke2 Ba3 34. Bf2 Be7 35. Be3 Bf6 36. Bf2 Kf8 37. Bg1 Ke7 38. Bf2 Bh8 39. Be3 Bg7 40. Bf2 Bf6 41. Bg1 b5 42. axb5 axb5 43. Be3 Bg7 44. Bf2 Bh8 45. Be3 Bf6 46. Bf2 Kf8 47. Bg1 Kg7 48. Bf2 Kg6 49. Be3 Bg7 50. Bf2 Bf6 51. Be3 Kh7 52. Bf2 Kg7 53. Be3 Kg6 54. Bf2 Ra8 55. d5 bxc4 56. bxc4 Ra2+ 57. Kf3 cxd5 58. cxd5 exd5 59. Rxd5 Ra3+ 60. Kg2 Rxd5 61. Rxd5 1/2-1/2

[Event "Minsk op"]
[Site "Minsk"]
[Date "2023.11.04"]
[Round "2"]
[White "Mukhin, Pavel"]
[Black "Suvorov, Nikita"]
[Result "1/2-1/2"]
[WhiteElo "2014"]
[BlackElo "1351"]
[PlyCount "64"]
[EventDate "2023.11.03"]
[EventType "swiss"]
[EventRounds "9"]
[EventCountry "BLR"]
[SourceTitle "CB46_2023"]
[SourceDate "2023.11.15"]
[SourceVersion "1"]
[SourceVersionDate "2023.11.15"]
[SourceQuality "1"]

1. c4 Nf6 2. g3 g6 3. Bg2 Bg7 4. Nf3 0-0 5. 0-0 d6 6. Nc3 Nc6 7. d3 e5 8. Rb1 a5 9. a3 Nd4 10. b4 axb4 11. axb4 c6 12. Be3 Ra3 13. Nxd4 exd4 14. Bxd4 Bd7 15. Qc1 Qa8 16. Ra1 Rxa1 17. Qxa1 Re8 18. Qb2 Qc8 19. Ne4 Nxe4 20. Bxg7 Ng5 21. Bh6 Ne6 22. Bc1 h5 23. h4 Ng7 24. Bf4 Bh3 25. e4 Bxg2 26. Kxg2 Rd8 27. Qc3 Ne6 28. Be3 Qd7 29. Qb3 d5 30. cxd5 cxd5 31. Bb6 Nf4+ 32. gxf4 Qg4+ 1/2-1/2

[Event "European Corporate 2nd"]
[Site "Minsk"]
[Date "2019.08.30"]
[Round "1.1"]
[White "Mukhin, Pavel"]
[Black "Lavrov, Maxim"]
[Result "1/2-1/2"]
[WhiteElo "2174"]
[BlackElo "2401"]
[PlyCount "88"]
[EventDate "2019.08.30"]
[EventType "team-swiss"]
[EventRounds "9"]
[EventCountry "BLR"]
[SourceTitle "EXT 2020"]
[Source "ChessBase"]
[SourceDate "2019.10.17"]
[SourceVersion "1"]
[SourceVersionDate "2019.10.17"]
[SourceQuality "1"]
[WhiteTeam "GTK"]
[BlackTeam "Sberbank"]
[WhiteTeamCountry "BLR"]
[BlackTeamCountry "RUS"]

1. Nf3 Nf6 2. c4 g6 3. g3 Bg7 4. Bg2 0-0 5. 0-0 d6 6. Nc3 c6 7. Rb1 e5 8. d3 a5 9. a3 Re8 10. Qc2 d5 11. cxd5 Nxd5 12. Bd2 Na6 13. Rbc1 Nxc3 14. Bxc3 Nc7 15. b3 Nb5 16. Bb2 Qd6 17. Ra1 Nd4 18. Qd1 Nxf3+ 19. exf3 Bf5 20. Re1 Qxd3 21. Qxd3 Bxd3 22. Re3 Rad8 23. Rae1 Bc2 24. f4 f6 25. fxe5 fxe5 26. f4 e4 27. Bxg7 Kxg7 28. Bxe4 Bxe4 29. Rxe4 Rxe4 30. Rxe4 Kf6 31. Kf2 Rd2+ 32. Re2 Rd3 33. Re3 Rd1 34. g4 Ra1 35. a4 b5 36. axb5 cxb5 37. Re5 b4 38. Rb5 Ra3 39. Rb6+ Ke7 40. Rb5 Ke6 41. h4 Rxb3 42. Rxa5 Rh3 43. Rb5 Rxh4 44. Kg3 Rh1 1/2-1/2

[Event "European Corporate 2nd"]
[Site "Minsk"]
[Date "2019.08.30"]
[Round "4.6"]
[White "Petrov, Viktor"]
[Black "Mukhin, Pavel"]
[Result "0-1"]
[WhiteElo "1932"]
[BlackElo "2174"]
[PlyCount "72"]
[EventDate "2019.08.30"]
[EventType "team-swiss"]
[EventRounds "9"]
[EventCountry "BLR"]
[SourceTitle "EXT 2020"]
[Source "ChessBase"]
[SourceDate "2019.10.17"]
[SourceVersion "1"]
[SourceVersionDate "2019.10.17"]
[SourceQuality "1"]
[WhiteTeam "Kaspersky"]
[BlackTeam "GTK"]
[WhiteTeamCountry "FRA"]
[BlackTeamCountry "BLR"]

1. e4 c6 2. d4 d5 3. Nc3 dxe4 4. Nxe4 Nf6 5. Nxf6+ gxf6 6. Nf3 Bg4 7. Be3 Nd7 8. Be2 e6 9. Qd2 Bd6 10. h3 Bh5 11. g4 Bg6 12. Nh4 Qc7 13. f4 Be4 14. Rg1 0-0-0 15. 0-0-0 c5 16. Bf3 cxd4 17. Bxe4 dxe3 18. Qxd6 Qa5 19. a3 Nc5 20. Bxb7+ Nxb7 21. Qc6+ Kb8 22. Rde1 Rd5 23. Qc3 Qxc3 24. bxc3 h5 25. Nf3 hxg4 26. hxg4 Rh3 27. Rxe3 Nd6 28. Rf1 Nc4 29. Re4 Nd6 30. Kb2 Nxe4 31. c4 Rd8 32. c3 Nd2 33. Nxd2 Rxd2+ 34. Kc1 Rhh2 35. g5 Rc2+ 36. Kd1 Ra2 0-1

[Event "Sochi Meetings"]
[Site "Sochi"]
[Date "2012.07.28"]
[Round "7"]
[White "Mukhin, Pavel"]
[Black "Mischuk, Dmitry"]
[Result "1/2-1/2"]
[WhiteElo "2216"]
[BlackElo "2317"]
[PlyCount "49"]
[EventDate "2012.07.24"]
[EventType "tourn"]
[EventRounds "9"]
[EventCountry "RUS"]
[EventCategory "1"]
[SourceTitle "EXT 2013"]
[Source "ChessBase"]
[SourceDate "2012.11.22"]
[SourceVersion "1"]
[SourceVersionDate "2012.11.22"]
[SourceQuality "1"]

1. c4 Nf6 2. Nc3 g6 3. g3 c6 4. Nf3 d5 5. cxd5 cxd5 6. d4 Bg7 7. Bg2 0-0 8. 0-0 Ne4 9. Ne5 Nxc3 10. bxc3 Nc6 11. Nxc6 bxc6 12. e4 e6 13. Ba3 Re8 14. Qa4 Bd7 15. Bc5 Qc7 16. Qa3 dxe4 17. Bxe4 e5 18. Bd6 Qc8 19. dxe5 Bxe5 20. Bxe5 Rxe5 21. Bg2 Bh3 22. Rfe1 Rxe1+ 23. Rxe1 Bxg2 24. Kxg2 Qf5 25. Qd6 1/2-1/2

[Event "Sochi Meetings"]
[Site "Sochi"]
[Date "2012.07.26"]
[Round "4"]
[White "Vavulin, Maksim"]
[Black "Mukhin, Pavel"]
[Result "1-0"]
[WhiteElo "2292"]
[BlackElo "2216"]
[PlyCount "69"]
[EventDate "2012.07.24"]
[EventType "tourn"]
[EventRounds "9"]
[EventCountry "RUS"]
[EventCategory "1"]
[SourceTitle "EXT 2013"]
[Source "ChessBase"]
[SourceDate "2012.11.22"]
[SourceVersion "1"]
[SourceVersionDate "2012.11.22"]
[SourceQuality "1"]

1. e4 c6 2. d4 d5 3. e5 c5 4. dxc5 e6 5. Nf3 Bxc5 6. Bd3 Ne7 7. 0-0 Nec6 8. Nbd2 0-0 9. Nb3 Be7 10. c3 b6 11. Qe2 a5 12. a4 Ba6 13. Bb5 Qc7 14. Bf4 Bxb5 15. axb5 Nd8 16. Rfc1 Nd7 17. c4 dxc4 18. Rxc4 Nc5 19. Nxc5 bxc5 20. Ng5 Nb7 21. Rc3 Qd8 22. Rd1 Qe8 23. Qe4 Bxg5 24. Bxg5 Qxb5 25. Rh3 g6 26. Bf6 Rfd8 27. Bxd8 Rxd8 28. Rxd8+ Nxd8 29. Qh4 Qb6 30. Qxh7+ Kf8 31. Qh8+ Ke7 32. Qf6+ Kd7 33. Rd3+ Kc8 34. Qe7 a4 35. Qd7+ 1-0

[Event "Sochi Meetings"]
[Site "Sochi"]
[Date "2012.07.25"]
[Round "2"]
[White "Denisov, Vladislav"]
[Black "Mukhin, Pavel"]
[Result "1/2-1/2"]
[WhiteElo "2110"]
[BlackElo "2216"]
[PlyCount "153"]
[EventDate "2012.07.24"]
[EventType "tourn"]
[EventRounds "9"]
[EventCountry "RUS"]
[EventCategory "1"]
[SourceTitle "EXT 2013"]
[Source "ChessBase"]
[SourceDate "2012.11.22"]
[SourceVersion "1"]
[SourceVersionDate "2012.11.22"]
[SourceQuality "1"]

1. e4 c6 2. d4 d5 3. Nd2 dxe4 4. Nxe4 Bf5 5. Ng3 Bg6 6. Nf3 Nd7 7. Bd3 e6 8. 0-0 Ngf6 9. c4 Bd6 10. b3 0-0 11. Bxg6 hxg6 12. Bb2 Qc7 13. Re1 Rad8 14. Qc2 c5 15. Rad1 Rfe8 16. a3 Rc8 17. Ne2 a6 18. dxc5 Bxc5 19. Nc3 Be7 20. Re2 Nb8 21. Ne4 Nbd7 22. Red2 b5 23. Nxf6+ Nxf6 24. Ne5 Bxa3 25. Nxf7 Kxf7 26. Bxa3 bxc4 27. Bd6 Qc6 28. bxc4 Qxc4 29. Qb1 Red8 30. Rb2 Rd7 31. Rb7 Rcd8 32. Be5 Qc6 33. Rbxd7+ Rxd7 34. Rc1 Qb5 35. Bxf6 Qxb1 36. Rxb1 gxf6 37. Kf1 a5 38. Ra1 Ra7 39. h4 Ke7 40. Ke2 Kd6 41. Kd3 Kd5 42. Ra4 f5 43. g4 Kc5 44. Kc3 Kb5 45. Rd4 a4 46. Kb2 fxg4 47. Rxg4 Rf7 48. Rxg6 Rxf2+ 49. Ka3 Rf3+ 50. Kb2 e5 51. h5 Kc5 52. Ra6 Rh3 53. Rxa4 Rxh5 54. Kc2 Rh3 55. Kd2 Kd5 56. Ra8 Ke4 57. Ra4+ Kf5 58. Ke2 Rh2+ 59. Ke3 Rb2 60. Kf3 Rb3+ 61. Ke2 Rh3 62. Rb4 Ra3 63. Rc4 Ke6 64. Rc5 Kd6 65. Rb5 Ra7 66. Ke3 Ra3+ 67. Ke4 Ra4+ 68. Ke3 Ke6 69. Rb8 Ra3+ 70. Ke4 Ra4+ 71. Ke3 Kf5 72. Rf8+ Ke6 73. Rb8 Kd6 74. Rd8+ Ke7 75. Rb8 Rh4 76. Rb6 Kd7 77. Rg6 1/2-1/2